|
|
|
|
| LEADER |
00000cam a2200000 7i4500 |
| 001 |
0000301154 |
| 005 |
20241025160903.0 |
| 007 |
t |
| 008 |
220719t20222022xxk# ### eng |
| 020 |
|
|
|a 9780241391549
|
| 040 |
|
|
|a MBPJ
|b eng
|c MBPJ
|e rda
|
| 090 |
0 |
0 |
|a 152.4
|b MLO
|
| 100 |
1 |
|
|a Mlodinow, Leonard ,
|e author
|
| 245 |
1 |
0 |
|a EMOTIONAL :
|b The New Thinking About Feelings
|c Leonard Mlodinow
|
| 264 |
|
1 |
|a London :
|b Allen Lane
|c 2022
|
| 264 |
|
4 |
|c ©2022
|
| 300 |
|
|
|a 250 pages ;
|c 24 cm.
|
| 336 |
|
|
|a text
|2 rdacontent
|
| 337 |
|
|
|a unmediated
|2 rdamedia
|
| 338 |
|
|
|a volume
|2 rdacarrier
|
| 500 |
|
|
|a Includes index
|
| 650 |
|
0 |
|a Emotions
|
| 650 |
|
0 |
|a Emotions and cognition
|
| 999 |
|
|
|a 00389901
|b BUKU
|c PINJAMAN
|e PERPUSTAKAAN KOMUNITI PETALING JAYA
|